Ancient Egypt / (Record no. 4989)

MARC details
000 -LEADER
fixed length control field 00809nam a22002417a 4500
001 - CONTROL NUMBER
control field 4989
003 - CONTROL NUMBER IDENTIFIER
control field FISKH
005 - DATE AND TIME OF LATEST TRANSACTION
control field 20241030130040.0
008 - FIXED-LENGTH DATA ELEMENTS--GENERAL INFORMATION
fixed length control field 241030b cb ||||| |||| 00| 0 eng d
020 ## - INTERNATIONAL STANDARD BOOK NUMBER
International Standard Book Number 9780753465400
040 ## - CATALOGING SOURCE
Original cataloging agency FISKH
Language of cataloging eng
Transcribing agency FISKH
Modifying agency FISKH
050 ## - LIBRARY OF CONGRESS CALL NUMBER
Classification number DT61.S76
082 ## - DEWEY DECIMAL CLASSIFICATION NUMBER
Classification number 932.01
100 ## - MAIN ENTRY--PERSONAL NAME
Personal name Smith, Miranda
245 ## - TITLE STATEMENT
Title Ancient Egypt /
Statement of responsibility, etc. by Miranda Smith
260 ## - PUBLICATION, DISTRIBUTION, ETC.
Place of publication, distribution, etc. London :
Name of publisher, distributor, etc. Kingfisher ;
Date of publication, distribution, etc. 2010.
300 ## - PHYSICAL DESCRIPTION
Extent 47 pages :
Other physical details color illustrations ;
Dimensions 29 cm .
490 ## - SERIES STATEMENT
Series statement Navigators
520 ## - SUMMARY, ETC.
Summary, etc. Presents a heavily illustrated introduction to the people, culture, history, and religion of ancient Egypt, as well as the artifacts and structures that they left behind.
650 ## - SUBJECT ADDED ENTRY--TOPICAL TERM
Topical term or geographic name entry element Ancient Egypt
Form subdivision non-fiction
700 ## - ADDED ENTRY--PERSONAL NAME
Personal name Stuart, Roger
Relator term illustrator
942 ## - ADDED ENTRY ELEMENTS (KOHA)
Source of classification or shelving scheme Dewey Decimal Classification
Koha item type Books
Suppress in OPAC No
Holdings
Withdrawn status Lost status Source of classification or shelving scheme Damaged status Not for loan Collection Home library Current library Shelving location Date acquired Total Checkouts Full call number Barcode Date last seen Price effective from Koha item type
    Dewey Decimal Classification     Non-Fiction Footprints International School Library Network Toul Kork Campus Footprints International School Library Network Toul Kork Campus TTP Secondary Non-Fiction Bookshelves 10/30/2024   SMI 932.01 DT61.S76 FISSE01504 10/30/2024 10/30/2024 Books